| 000 | 01441nam a2200229Ia 4500 | ||
|---|---|---|---|
| 003 | Ost | ||
| 005 | 20260507075340.0 | ||
| 008 | 260507s9999||||xx |||||||||||||| ||und|| | ||
| 020 | _a58811199579 | ||
| 040 | _cfsecg | ||
| 041 | _aara | ||
| 082 | _a330 | ||
| 100 |
_aالدليمي، عبد الرزاق محمد _eمؤلف |
||
| 245 | 0 |
_aالهندسة البشرية و العلاقات العامة : _bهندسة القبول و الرضا / _c عبد الرزاق محمد الدليمي |
|
| 260 |
_aعمان: _bدار وائل, _c2011 |
||
| 300 |
_a336 صفحة؛ _bإيضاحات ؛ _c25 سم |
||
| 520 | _aمدخل الى العلاقات العامة القديمة ، العلاقات العامة في الخارطة التنظيمية للمؤسسة و مؤسسو العلاقات العامة ، أدوارد بيرنيزو الهندسة البشرية و علم النفس و الهندسة البشرية و الدعاية و القيادة السياسية و جمعيات و منظمات العلاقات العامة ، أبرز شركات العلاقات العامة و العلاقات العامة و اشكاليات المصطلحات ، الهندسة البشرية و السلوك الانساني و العلاقات العامة و جدل مرجعيتها | ||
| 653 | _aالارغونوميا | ||
| 653 | _aالعلاقات العامة | ||
| 653 | _aالهندسة البشرية | ||
| 942 | _cكتاب | ||
| 999 |
_c44085 _d44085 |
||